| 000 | 00493nam a2200205Ia 4500 | ||
|---|---|---|---|
| 999 |
_c62631 _d62631 |
||
| 003 | 0100 | ||
| 005 | 20200313102457.0 | ||
| 008 | 130303s9999 xx 000 0 und d | ||
| 020 | _a9982030434 | ||
| 040 | _cARRUPELIB | ||
| 050 | _aPR9405.9.P7C6 | ||
| 100 |
_aPrice, Curmie _949656 |
||
| 245 | 2 |
_aA country of the mind _bpoems from Zambia _cCurmie Price |
|
| 260 | _aLusaka | ||
| 260 | _bUNZA Press | ||
| 260 | _c2006 | ||
| 300 | _a92p. | ||
| 300 | _b 21cm | ||
| 942 |
_2lcc _cMONOGRAPH |
||